书目信息 |
| 题名: |
运动解剖学图谱
|
|
| 作者: | 顾德明 , 缪进昌 著 | |
| 分册: | ||
| 出版信息: | 北京 人民体育出版社 2013 |
|
| 页数: | 289页 | |
| 开本: | 21cm | |
| 丛书名: | ||
| 单 册: | ||
| 中图分类: | G804.4-64 | |
| 科图分类: | ||
| 主题词: | 体育理论 | |
| 电子资源: | ||
| ISBN: | 7-5009-4381-4 | |
| 000 | 00633nam0 2200205 450 | |
| 001 | 2235446624 | |
| 005 | 20220907084755.18 | |
| 010 | @a7-5009-4381-4@dCNY78.00 | |
| 100 | @a20220831d2013 km y0chiy0120 ea | |
| 101 | 0 | @achi |
| 102 | @aCN@b110000 | |
| 200 | 1 | @a运动解剖学图谱@AYun Dong Jie Pou Xue Tu Pu@f顾德明,缪进昌著@FGu De Ming,Miao Jin Chang Zhu |
| 210 | @a北京@c人民体育出版社@d2013 | |
| 215 | @a289页@d21cm | |
| 606 | 0 | @a体育理论 |
| 690 | @aG804.4-64@v4 | |
| 701 | 0 | @a顾德明@AGu De Ming@4著 |
| 701 | 0 | @a缪进昌@AMiao Jin Chang@4著 |
| 801 | 0 | @aCN@b大连网信软件有限公司图书馆·11@c20220907 |
| 905 | @aZUCC@dG804.4-64@e976=3 | |
| 运动解剖学图谱/顾德明,缪进昌著.-北京:人民体育出版社,2013 |
| 289页;21cm |
| ISBN 7-5009-4381-4:CNY78.00 |
| ● |
| 相关链接 |
|
|
|
|
正题名:运动解剖学图谱
索取号:G804.4-64/976=3
 
预约/预借
| 序号 | 登录号 | 条形码 | 馆藏地/架位号 | 状态 | 备注 |
| 1 | 1055540 | 210555406 | 第一样本阅览室/ [索取号:G804.4-64/976=3] | 在馆 |